Fire Emblem Heroes: Blue Units - Statistics

General Stats
  • This quiz has been taken 56 times
    25 since last reset
  • The average score is 187 of 251
Answer Stats
Unit Name % Correct
Ashe (summer)
100%
Byleth (f/legendary)
100%
Byleth (m/mage festival)
100%
Caeda (legendary)
100%
Caeda (wedding)
100%
Catria
100%
Catria (spring)
100%
Cormag
100%
Corrin (f)
100%
Corrin (f/harvest)
100%
Corrin (f/summer)
100%
Corrin (m/dream)
100%
Corrin (m/fallen)
100%
Corrin (m/ninja)
100%
Delthea
100%
Delthea (fallen)
100%
Delthea (spring)
100%
Dimitri
100%
Dimitri (CYL)
100%
Dimitri (fallen)
100%
Dimitri (legendary)
100%
Fjorm
100%
Veronica (Day of Devotion)
100%
Eirika (CYL)
100%
Eliwood (CYL)
100%
Eliwood (Day of Devotion)
100%
Ephraim
100%
Ephraim & Lyon (duo)
100%
Ephraim (legendary)
100%
Ephraim (winter)
100%
Est
100%
Est (spring)
100%
Est (Valentia)
100%
Hector (CYL)
100%
Ishtar
100%
Ishtar (ascended)
100%
Laegjarn & Fjorm (duo/ninja)
100%
Laegjarn (New Year)
100%
Laegjarn (summer)
100%
Lilina (wedding)
100%
Lyn (Day of Devotion)
100%
Lyn (flame festival)
100%
Lyn (summer)
100%
Lyon (baby)
100%
Michalis (spring)
100%
Minerva (spring)
100%
Olwen
100%
Palla & Catria & Est (duo/baby)
100%
Quan
100%
Quan (dancer)
100%
Reginn (New Year)
100%
Ryoma (dancer)
100%
Ryoma (hot spring)
100%
Sothis & Byleth (duo/harvest)
100%
Tiki & Ninian (duo/harvest)
100%
Abel
88%
Alfonse & Sharena (duo/Day of Devotion)
88%
Anna (Ylissean)
88%
Azura
88%
Azura (legendary)
88%
Chrom (CYL)
88%
Chrom (legendary)
88%
Clair
88%
Cordelia
88%
Cordelia & Selena (duo/winter)
88%
Cordelia (summer)
88%
Sharena
88%
Duessel
88%
Gwendolyn
88%
Hardin
88%
Hardin (fallen)
88%
Hinoka
88%
Julia (legendary)
88%
Juno (wedding)
88%
Katarina (desert)
88%
Kris (f)
88%
Linde
88%
Lucina (CYL)
88%
Lucina (legendary)
88%
Lucina (spring)
88%
Lukas
88%
Lukas (picnic)
88%
Lute
88%
Lute (summer)
88%
Marianne
88%
Micaiah
88%
Mirabilis (winter)
88%
Naesala
88%
Nailah
88%
Navarre (ninja)
88%
Nephenee
88%
Nifl
88%
Nino (winter)
88%
Oscar
88%
Peony
88%
Reinhardt
88%
Riev
88%
Robin (f/summer)
88%
Robin (m)
88%
Robin (m/winter)
88%
Roshea
88%
Seiros
88%
Selena
88%
Shigure
88%
Shigure (dancer)
88%
Shiro
88%
Soren (Day of Devotion)
88%
Soren (mage festival)
88%
Surtr (pirate)
88%
Tanith (wedding)
88%
Thea
88%
Tiki (legendary)
88%
Travant
88%
Vigarde
88%
Xander (spring)
88%
Ylgr
88%
Altena
75%
Caeldori
75%
Camilla (summer)
75%
Camus
75%
Colm
75%
Cynthia
75%
Deirdre (legendary)
75%
Eldigan (dancer)
75%
Erinys
75%
Fae (legendary)
75%
Farina
75%
Ferdinand
75%
Finn
75%
Fiora
75%
Florina
75%
Galle
75%
Heath
75%
Hilda (winter)
75%
Ilyana
75%
Ilyana (harvest)
75%
Jagen
75%
Kana (m)
75%
Kjelle
75%
L'Arachel
75%
Lewyn (scion)
75%
Lilith
75%
Luthier (spring)
75%
Mae
75%
Mathilda
75%
Narcian (spring)
75%
Nils
75%
Ninian
75%
Ninian (fallen)
75%
Ninian (wedding)
75%
Nótt
75%
Odin
75%
Pent (wedding)
75%
Roderick
75%
Seteth
75%
Shanna
75%
Sigrun
75%
Sirius
75%
Subaki
75%
Sumia
75%
Takumi (Day of Devotion)
75%
Tana
75%
Tana (baby)
75%
Tatiana
75%
Thórr & Loki (duo/summer)
75%
Ursula
75%
Valter
75%
Zeke
75%
Berkut
63%
Berkut (dancer)
63%
Berkut (fallen)
63%
Brunnya
63%
Clive
63%
Díthorba
63%
Effie
63%
Felix (winter)
63%
Fernand
63%
Forsyth
63%
Gatrie
63%
Gilliam
63%
Idunn (ascended)
63%
Marisa (spring)
63%
Miriel
63%
Naga
63%
Norne (summer)
63%
Nowi
63%
Orson (fallen)
63%
Rafiel (wedding)
63%
Saias
63%
Sain
63%
Selkie
63%
Sonia
63%
Sophia (harvest)
63%
Sully
63%
Tailtiu
63%
Valbar
63%
Vanessa
63%
Velouria (New Year)
63%
Alfred
50%
Benny
50%
Cath (thief festival)
50%
Charlotte (wedding)
50%
Chloé
50%
Claude (summer)
50%
Conrad
50%
Death Knight
50%
Hapi
50%
Jeralt
50%
Kliff
50%
Marcia
50%
Melady
50%
Monica
50%
Mordecai
50%
Muarim (fallen)
50%
Myrrh (legendary)
50%
Niles (harvest)
50%
Oboro
50%
Ophelia
50%
Owain (spring)
50%
Peri
50%
Petra
50%
Rinea (dancer)
50%
Ronan
50%
Silas
50%
Tsubasa
50%
Cervantes
38%
Donnel
38%
Elincia (summer)
38%
Geoffrey
38%
Guinivere
38%
Ingrid
38%
Ingrid (summer)
38%
Karin
38%
Morgan (f)
38%
Ogma (summer)
38%
Oliver
38%
Perceval
38%
Petrine
38%
Phila
38%
Shez (f/legendary)
38%
Yarne (New Year)
38%
Bernadetta (spring)
25%
Geese (pirate)
25%
Jorge
25%
Matthis
25%
Panne
25%
Rudolf (Day of Devotion)
25%
Karla (desert)
13%
Ullr
13%
Ash (New Year)
0%
Larum (wedding)
0%
No matching quizzes found
Score Distribution
Percent of People with Each Score
Percentile by Number Answered
Your Score History
You have not taken this quiz since the last reset